Normal view MARC view

Entry Personal Name

Number of records used in: 1

001 - CONTROL NUMBER

  • control field: 1063540

003 - CONTROL NUMBER IDENTIFIER

  • control field: OSt

005 - DATE AND TIME OF LATEST TRANSACTION

  • control field: 20260121170417.0

008 - FIXED-LENGTH DATA ELEMENTS

  • fixed length control field: 260121|| aca||aabn | a|a d

040 ## - CATALOGING SOURCE

  • Original cataloging agency: OSt
  • Transcribing agency: OSt

100 ## - HEADING--PERSONAL NAME

  • Personal name: Vladimir A. Gritsenko, Vadim V. Sivkov, Artem V. Yurov, Andrey G. Kostianoy

670 ## - SOURCE DATA FOUND

  • Source citation: Work cat.: (OSt)1629269: Vladimir A. Gritsenko, Vadim V. Sivkov, Artem V. Yurov, Andrey G. Kostianoy, Terrestrial and Inland Water Environment of the Kaliningrad Region
Copyright @ Delhi University Library System